00537nam a2200157 i 4500001000300000100002400003245008900027250001600116260002100132700003700153700003400190040000800224041000800232008004100240856009800281bg1 aDryja, Maksymilian. 0aPrzegląd metod i algorytmów numerycznych.nCz. 2 /cM. Dryja, J. i M. Jankowscy. aWyd.2 popr. aWarszawa,c1988.1 aJankowska, Janinac(informatyk).1 aJankowski, Michałd(1947- ). cBPK apol s pl f |000 0 pol  uhttp://koha.tu.koszalin.pl/cgi-bin/koha/opac-detail.pl?biblionumber=28679yKatalog online BPK